000 00676nam a2200277Ia 4500
008 160803s9999 xx 000 0 und d
020 _a9780545251341 
100 _aMorris, Paula
245 _aDark souls :
245 _ba novel /
245 _cPaula Morris.
260 _aNew York :
260 _bScholastic Inc.
260 _c2011
300 _a294 pages ;
300 _c21 cm
500 _aReprint. Originally published: 2011.
650 _aGhost stories.
650 _aGrief --
650 _aInterpersonal relations --
650 _aLoss (Psychology) --
650 _xFiction.
650 _xFiction.
650 _xFiction.
700 _a770
999 _c298781
_d298781